[Event "34th Zalakaros Open 2015"]
[Site "Zalakaros HUN"]
[Date "2015.05.18"]
[Round "5.38"]
[White "Grimm, Daniel"]
[Black "Juhasz, Armin"]
[Result "1/2-1/2"]
[WhiteTitle "FM"]
[BlackTitle "FM"]
[WhiteElo "2255"]
[BlackElo "2303"]
[WhiteFideId "740080"]
[BlackFideId "724270"]
[EventDate "2015.05.14"]
[EventType "swiss"]

1. e4 e6 2. d4 d5 3. Nc3 Nf6 4. Bg5 Be7 5. e5 Nfd7 6. Bxe7 Qxe7 7. Qd2 a6 8. Nd1
Nb6 9. b3 c5 10. c3 Bd7 11. a4 Nc6 12. f4 Rc8 13. dxc5 Qxc5 14. b4 Qe7 15. a5
Na8 16. Nf3 O-O 1/2-1/2

[Event "34th Zalakaros Open 2015"]
[Site "Zalakaros HUN"]
[Date "2015.05.18"]
[Round "5.39"]
[White "Vegh, Endre"]
[Black "Papp, Petra"]
[Result "1/2-1/2"]
[WhiteTitle "IM"]
[BlackTitle "WGM"]
[WhiteElo "2272"]
[BlackElo "2297"]
[WhiteFideId "700568"]
[BlackFideId "739049"]
[EventDate "2015.05.14"]
[EventType "swiss"]

1. d4 Nf6 2. c4 g6 3. Nc3 d5 4. Nf3 Bg7 5. Qa4+ Bd7 6. Qb3 dxc4 7. Qxc4 O-O 8.
Bf4 Na6 9. e4 c5 10. e5 Nh5 11. Be3 Nb4 12. O-O-O b5 13. Qb3 Be6 14. d5 Bf5 15.
Bxb5 Rb8 16. Qc4 Qa5 17. g4 Bxg4 18. Qxg4 Nxa2+ 19. Nxa2 Qxb5 20. Rd2 f5 21.
exf6 Rxf6 22. Ne5 Ra6 23. Nc3 Qb4 24. d6 Qxg4 25. Nxg4 Bxc3 26. bxc3 Ra1+ 27.
Kc2 Rxh1 28. dxe7 Re8 29. Rd8 Kf7 30. Bxc5 Rxe7 31. Bxe7 Kxe7 32. Rh8 Nf6 33.
Nxf6 Kxf6 34. Rxh7 Rf1 35. Rxa7 Rxf2+ 36. Kd3 Rxh2 37. Ke4 1/2-1/2

[Event "34th Zalakaros Open 2015"]
[Site "Zalakaros HUN"]
[Date "2015.05.18"]
[Round "5.40"]
[White "Csati, Oliver"]
[Black "Boguszlavszkij, Jevgenyij"]
[Result "1/2-1/2"]
[BlackTitle "IM"]
[WhiteElo "2189"]
[BlackElo "2216"]
[WhiteFideId "702170"]
[BlackFideId "700614"]
[EventDate "2015.05.14"]
[EventType "swiss"]

1. d4 Nf6 2. Nf3 e6 3. c4 d5 4. e3 c6 5. b3 Ne4 6. Bd3 Bd6 7. O-O Qe7 8. Bb2 O-O
9. Qc1 Nd7 10. Ba3 Bxa3 11. Qxa3 Qxa3 12. Nxa3 b6 13. b4 a5 14. b5 c5 15. cxd5
exd5 16. Bxe4 dxe4 17. Nd2 f5 18. Ndc4 cxd4 19. exd4 Bb7 20. Rfd1 Bd5 21. Ne3
Bb7 22. d5 Rac8 23. Nec4 Rc5 24. d6 f4 25. Rd4 Rg5 26. Kf1 Rc8 27. Re1 e3 28.
fxe3 Bxg2+ 29. Kf2 fxe3+ 30. Rxe3 Bb7 31. Rf4 Nc5 32. Nxb6 Rd8 33. d7 Nxd7 34.
Nxd7 Rg2+ 35. Kf1 Rxa2 36. Nc4 h5 37. Nce5 Rd2 38. Re2 Rd5 39. Nb6 Rxb5 40. Nbc4
a4 41. Ng6 Rg5 42. Ne7+ Kh7 43. Re5 Rxe5 44. Nxe5 Re8 45. N5c6 a3 46. Ra4 Ra8
47. Na5 Ba6+ 48. Kg1 Rb8 49. Rxa3 Rb1+ 50. Kf2 Rb2+ 51. Kg3 h4+ 52. Kxh4 Rxh2+
53. Kg3 Re2 54. Nac6 Bb7 55. Ra4 Re6 56. Rh4+ Rh6 57. Rxh6+ 1/2-1/2

[Event "34th Zalakaros Open 2015"]
[Site "Zalakaros HUN"]
[Date "2015.05.19"]
[Round "6.1"]
[White "Efimenko, Zahar"]
[Black "Ragger, Markus"]
[Result "1/2-1/2"]
[WhiteTitle "GM"]
[BlackTitle "GM"]
[WhiteElo "2656"]
[BlackElo "2668"]
[WhiteFideId "14107201"]
[BlackFideId "1610856"]
[EventDate "2015.05.14"]
[EventType "swiss"]

1. e4 c5 2. Nf3 d6 3. d4 cxd4 4. Nxd4 Nf6 5. Nc3 a6 6. a4 e5 7. Nf3 Be7 8. Bc4
Be6 9. Qe2 Qc7 10. Bb3 Nc6 11. O-O Rc8 12. Rd1 O-O 13. Bg5 Ne8 14. Be3 Na5 15.
Nd5 Bxd5 16. Bxd5 Nc4 17. b3 Nxe3 18. Qxe3 Nf6 19. c4 a5 20. Ne1 Bd8 21. Nc2 Qb8
22. Na3 Rc5 23. Nb5 1/2-1/2

[Event "34th Zalakaros Open 2015"]
[Site "Zalakaros HUN"]
[Date "2015.05.19"]
[Round "6.2"]
[White "Boruchovsky, Avital"]
[Black "Papp, Gabor1"]
[Result "1-0"]
[WhiteTitle "GM"]
[BlackTitle "GM"]
[WhiteElo "2517"]
[BlackElo "2594"]
[WhiteFideId "2800055"]
[BlackFideId "718602"]
[EventDate "2015.05.14"]
[EventType "swiss"]

1. Nf3 Nf6 2. g3 b6 3. Bg2 Bb7 4. O-O c5 5. c4 g6 6. Nc3 Bg7 7. d4 cxd4 8. Nxd4
Bxg2 9. Kxg2 Qc8 10. e4 d6 11. Be3 O-O 12. Rc1 Qb7 13. Nd5 Re8 14. Nb5 Na6 15.
Bd4 Nxd5 16. cxd5 Rac8 17. Bxg7 Kxg7 18. b4 Rxc1 19. Qd4+ Kg8 20. Rxc1 Qd7 21.
a4 h5 22. h4 Rd8 23. Rc4 Rf8 24. Qc3 Kh7 25. Rc6 Rg8 26. Nd4 Re8 27. a5 Qb7 28.
axb6 axb6 29. Nf3 Kg8 30. Ng5 Rb8 31. e5 dxe5 32. Qxe5 Qd7 33. b5 f6 34. Qe4 Qf5
35. bxa6 fxg5 36. Rxg6+ 1-0

[Event "34th Zalakaros Open 2015"]
[Site "Zalakaros HUN"]
[Date "2015.05.19"]
[Round "6.3"]
[White "Szabo, Gergely-Andras-Gyula"]
[Black "Berkes, Ferenc"]
[Result "1/2-1/2"]
[WhiteTitle "GM"]
[BlackTitle "GM"]
[WhiteElo "2548"]
[BlackElo "2664"]
[WhiteFideId "1205064"]
[BlackFideId "718572"]
[EventDate "2015.05.14"]
[EventType "swiss"]

1. c4 c6 2. Nf3 d5 3. e3 Nf6 4. d4 Bf5 5. Nc3 e6 6. Nh4 Bg6 7. Be2 Nbd7 8. O-O
Bd6 9. g3 O-O 10. Nxg6 hxg6 11. Bd2 a6 12. b3 e5 13. dxe5 Nxe5 14. cxd5 cxd5 15.
Bc1 1/2-1/2

[Event "34th Zalakaros Open 2015"]
[Site "Zalakaros HUN"]
[Date "2015.05.19"]
[Round "6.4"]
[White "Antal, Gergely"]
[Black "Kovalenko, Igor"]
[Result "0-1"]
[WhiteTitle "GM"]
[BlackTitle "GM"]
[WhiteElo "2511"]
[BlackElo "2650"]
[WhiteFideId "717312"]
[BlackFideId "14117908"]
[EventDate "2015.05.14"]
[EventType "swiss"]

1. e4 c6 2. d4 d5 3. Nc3 dxe4 4. Nxe4 Nd7 5. Ng5 Ngf6 6. Bd3 g6 7. N1f3 Bg7 8.
O-O O-O 9. c3 h6 10. Nxf7 Rxf7 11. Bxg6 Rf8 12. Bc2 b5 13. Qd3 e6 14. Re1 Qe8
15. Ne5 c5 16. Ng6 cxd4 17. Rxe6 Qxe6 18. Bb3 Re8 19. Bxe6+ Rxe6 20. Bf4 dxc3
21. bxc3 Bb7 22. Bd2 Rae8 23. Nf4 Re5 24. h3 a6 25. Be3 Rg5 26. Bd4 Be4 27. Qd2
Ne5 28. Bxe5 Rgxe5 29. Re1 Bf8 30. f3 Bf5 31. Rxe5 Rxe5 32. Kh2 Kf7 33. Qd4 Re7
34. Nd3 Bxd3 35. Qxd3 Rd7 36. Qc2 Bc5 37. g3 Be3 38. Qb3+ Kg7 39. c4 Rd2+ 40.
Kh1 Bf2 41. cxb5 axb5 42. Qxb5 Bxg3 43. Qb7+ Rd7 44. Qb5 Bf4 45. a4 Rd1+ 46. Kg2
Rd5 47. Qb7+ Kg6 48. Qb6 Bd2 49. Qb1+ Kg5 50. Kf2 Bf4 51. Qg1+ Kf5 52. Qb1+ Kg5
53. Qg1+ Kh4 54. Qg6 Rd2+ 55. Kf1 Rd6 56. a5 h5 57. Qc2 Nd5 58. Qe4 Kg3 59. Qe8
Ne3+ 60. Ke2 Ng2 61. Qg8+ Kxh3 62. a6 Rd2+ 63. Kf1 Bg3 64. Qe6+ Kh2 65. Qb6 Nf4
66. Qg1+ Kh3 67. Qh1+ Bh2 68. Ke1 Ra2 69. Qf1+ Ng2+ 70. Kd1 Ra1+ 71. Ke2 Rxf1
72. Kxf1 Bb8 0-1

[Event "34th Zalakaros Open 2015"]
[Site "Zalakaros HUN"]
[Date "2015.05.19"]
[Round "6.5"]
[White "Adhiban, Baskaran"]
[Black "Deac, Bogdan-Daniel"]
[Result "1/2-1/2"]
[WhiteTitle "GM"]
[BlackTitle "IM"]
[WhiteElo "2636"]
[BlackElo "2437"]
[WhiteFideId "5018471"]
[BlackFideId "1226380"]
[EventDate "2015.05.14"]
[EventType "swiss"]

1. c4 e5 2. g3 d6 3. Bg2 g6 4. Nc3 Bg7 5. Nf3 Nc6 6. O-O Nge7 7. Rb1 a5 8. a3
O-O 9. d3 Nd4 10. Bg5 h6 11. Bxe7 Qxe7 12. b4 axb4 13. axb4 c6 14. b5 Ra3 15.
bxc6 bxc6 16. Nxd4 exd4 17. Ne4 d5 18. Nd2 Be6 19. cxd5 cxd5 20. Rb5 Qd7 21. Qb1
Rc8 22. Nf3 Rac3 23. h4 Rc2 24. Re1 Qc6 25. Kh2 Kh7 26. Rb6 Qc3 27. Rb7 Rc7 28.
Bh3 Bxh3 29. Kxh3 Qc6 30. Rxc7 Qxc7 31. Qb5 Qc8+ 32. Kg2 Qe6 33. Ng1 Rc8 34. Ra1
Rd8 35. Qb7 Rd7 36. Qb8 Be5 37. Qc8 Rc7 38. Qxe6 fxe6 39. f4 Bf6 40. Nf3 h5 41.
Ra4 Kg7 42. Nxd4 Bxd4 43. Rxd4 Kf6 44. Rb4 Ra7 45. Kf3 Kf7 46. Kf2 Kf6 47. Ke3
Ra2 48. Rb7 Rc2 49. Kf3 Rc3 50. Rh7 Ra3 51. Ke3 Ra2 52. Kf3 Ra3 53. g4 hxg4+ 54.
Kxg4 Ra1 55. h5 gxh5+ 56. Rxh5 Rg1+ 57. Kf3 Rf1+ 58. Ke3 d4+ 59. Kxd4 Rxf4+ 60.
Kc5 Ra4 61. Rh6+ Ke7 62. d4 Ra5+ 63. Kb4 Ra2 64. e4 Rc2 65. e5 Kd7 66. Rh7+ Kd8
67. Kb5 Rc1 68. Kb4 Rc2 69. Ra7 Rc1 70. Kb5 Rc2 71. Ra6 Kd7 72. Rd6+ Ke7 73. Rc6
Rb2+ 74. Kc5 Rc2+ 75. Kb6 Rb2+ 76. Kc7 Rd2 77. Rc4 Rd1 78. Kc6 Rd2 79. Ra4 Rc2+
80. Kb5 Kd7 81. Rc4 Rb2+ 82. Kc5 Rb1 83. Rc2 Rd1 84. Kc4 Rh1 85. Ra2 Rc1+ 86.
Kd3 Rd1+ 87. Ke3 Ke7 88. Ra7+ Ke8 89. Kf4 Rf1+ 90. Kg5 Rf2 91. Kg6 Rf1 92. Kg7
Rf2 93. Kg6 Rf1 94. Rh7 Rf2 95. Kg5 Rf1 96. Rh4 Ke7 97. Kg6 Rg1+ 98. Kh5 Rf1 99.
Kg5 Rg1+ 100. Kf4 Rf1+ 101. Ke3 Re1+ 102. Kd2 Rg1 103. Rh7+ Ke8 104. Ke2 Rc1
105. Kd2 Rg1 106. Rh2 Kd7 107. Kd3 Rd1+ 108. Rd2 Rc1 109. Ke4 Re1+ 110. Kf4 Rf1+
111. Kg5 Ke7 112. Rd3 Rg1+ 113. Kf4 Rf1+ 114. Rf3 Rd1 115. Ra3 Rf1+ 116. Ke3 1/2-1/2

[Event "34th Zalakaros Open 2015"]
[Site "Zalakaros HUN"]
[Date "2015.05.19"]
[Round "6.6"]
[White "Bluebaum, Matthias"]
[Black "Horvath, Adam1"]
[Result "1-0"]
[WhiteTitle "IM"]
[BlackTitle "GM"]
[WhiteElo "2594"]
[BlackElo "2528"]
[WhiteFideId "24651516"]
[BlackFideId "708003"]
[EventDate "2015.05.14"]
[EventType "swiss"]

1. d4 Nf6 2. c4 e6 3. Nf3 d5 4. g3 dxc4 5. Bg2 Bb4+ 6. Bd2 a5 7. a3 Bxd2+ 8.
Nbxd2 b5 9. b3 cxb3 10. Qxb3 c6 11. O-O O-O 12. Rfc1 Bb7 13. Qb2 Nd5 14. Ne5 Qe7
15. Nb3 Rd8 16. e3 Ra7 17. Nc5 Ba8 18. Rc2 a4 19. Rac1 Qe8 20. Ned3 h6 21. h4
Qe7 22. Bf3 Qe8 23. Nb4 Qe7 24. Na2 Qe8 25. Bg2 Qe7 26. Nb4 Qe8 27. Ncd3 Qe7 28.
Rc5 Qe8 29. Qe2 Na6 30. Nxa6 Rxa6 31. Qb2 Rb6 32. Nb4 Nxb4 33. Qxb4 Qd7 34. f4
Qe7 35. Bf3 Qd6 36. g4 Kf8 37. Kf2 Ke7 38. Bd1 Ra6 39. Be2 Rb6 40. Rg1 Rbb8 41.
Bf3 Rd7 42. g5 hxg5 43. Rgxg5 g6 44. h5 gxh5 45. Rxh5 Rg8 46. Rh7 Kf8 47. Bh5
Rg7 48. Rh8+ Rg8 49. Rxg8+ Kxg8 50. Rg5+ Kf8 51. Qb1 f6 52. Rg3 Qxa3 53. Qg6
Qb2+ 54. Be2 Ke7 55. Qg7+ Kd6 56. Qf8+ Kc7 57. Qxa8 Kb6 58. Rg8 Rb7 59. Qd8+ Ka6
60. Qd6 Qc3 61. Rc8 Kb6 62. Qd8+ Ka6 63. Ra8+ Ra7 64. Qc8+ Kb6 65. Qb8+ 1-0

[Event "34th Zalakaros Open 2015"]
[Site "Zalakaros HUN"]
[Date "2015.05.19"]
[Round "6.7"]
[White "Prohaszka, Peter2"]
[Black "Medvegy, Zoltan"]
[Result "1/2-1/2"]
[WhiteTitle "GM"]
[BlackTitle "GM"]
[WhiteElo "2582"]
[BlackElo "2535"]
[WhiteFideId "726265"]
[BlackFideId "708402"]
[EventDate "2015.05.14"]
[EventType "swiss"]

1. d4 Nf6 2. c4 e6 3. Nc3 Bb4 4. g3 Bxc3+ 5. bxc3 d6 6. Bg2 O-O 7. Nf3 Nc6 8. c5
Qd7 9. cxd6 cxd6 10. O-O b6 11. Bg5 Bb7 12. Bxf6 gxf6 13. d5 Ne7 14. dxe6 fxe6
15. Qd2 e5 16. Rfd1 Rad8 17. c4 Nc6 18. Rac1 Qc7 19. Nh4 Ne7 20. Qh6 Bxg2 21.
Nxg2 Qd7 22. Ne3 Nf5 23. Nxf5 Qxf5 24. Rd5 Rd7 25. Qd2 Qe6 26. Rd1 Rc8 27. Rxd6
Rxd6 28. Qxd6 Qxd6 29. Rxd6 Rxc4 30. Rd8+ Kf7 31. Rd7+ Kg6 32. Rxa7 Rc2 33. Kf1
b5 34. f3 b4 35. Kf2 Rc3 36. g4 h5 37. gxh5+ Kxh5 38. Ra4 b3 39. axb3 Rxb3 40.
Rg4 Ra3 41. Rg3 Rb3 42. f4 Rb5 43. Kf3 Rb3+ 44. Kf2 Rb5 45. Kf3 Rb3+ 46. e3 exf4
47. Kxf4 Rb5 48. e4 Kh6 49. h3 Kh7 50. h4 Rh5 51. Rg1 Kh6 52. Rg8 Kh7 53. Rg1
Kh6 54. Kg4 Re5 55. Kf4 Rh5 56. Rh1 Kg6 57. Kg4 f5+ 58. exf5+ Rxf5 59. h5+ Kf6
60. h6 Rg5+ 61. Kf4 Rf5+ 62. Ke4 Re5+ 63. Kd4 Re8 64. h7 Kg7 65. h8=B+ Rxh8 66.
Rxh8 Kxh8 1/2-1/2

[Event "34th Zalakaros Open 2015"]
[Site "Zalakaros HUN"]
[Date "2015.05.19"]
[Round "6.8"]
[White "Diermair, Andreas"]
[Black "Wagner, Dennis"]
[Result "0-1"]
[WhiteTitle "IM"]
[BlackTitle "IM"]
[WhiteElo "2488"]
[BlackElo "2572"]
[WhiteFideId "1612468"]
[BlackFideId "24650684"]
[EventDate "2015.05.14"]
[EventType "swiss"]

1. Nf3 Nf6 2. c4 e6 3. g3 d5 4. Bg2 dxc4 5. Qa4+ Bd7 6. Qxc4 c5 7. Ne5 Qc8 8. b3
Nc6 9. Nxd7 Qxd7 10. Bb2 Be7 11. O-O O-O 12. d3 Nd4 13. Re1 Rac8 14. Nd2 b5 15.
Qc1 Rfd8 16. Ne4 c4 17. dxc4 bxc4 18. Bxd4 Nxe4 19. Rd1 cxb3 20. Qb1 Nc3 21.
Bxc3 bxa2 22. Qd3 Qxd3 23. exd3 Rxc3 24. Rxa2 Bc5 25. Bf1 g6 26. Rb1 Bb6 27. Kg2
Rdc8 28. Be2 Kg7 29. Rb4 Rc2 30. Rbb2 Rc1 31. Rb4 R8c2 32. Rbb2 Rxb2 33. Rxb2
Kf6 34. f4 Ke7 35. Kf3 Kd6 36. Ke4 Rh1 37. h4 f5+ 38. Kf3 Rh2 39. g4 Rxh4 40.
Kg2 fxg4 41. Rb5 h5 42. Rg5 Be3 43. Rxg6 Bxf4 44. d4 Rh2+ 45. Kf1 Kd5 46. Ba6 g3
47. Bb7+ Kxd4 48. Rxe6 Rf2+ 49. Kg1 Be3 50. Kh1 Rh2# 0-1

[Event "34th Zalakaros Open 2015"]
[Site "Zalakaros HUN"]
[Date "2015.05.19"]
[Round "6.9"]
[White "Smith, Bryan G"]
[Black "Ruck, Robert"]
[Result "1/2-1/2"]
[WhiteTitle "GM"]
[BlackTitle "GM"]
[WhiteElo "2467"]
[BlackElo "2562"]
[WhiteFideId "2017083"]
[BlackFideId "705713"]
[EventDate "2015.05.14"]
[EventType "swiss"]

1. e4 c6 2. d4 d5 3. Nd2 dxe4 4. Nxe4 Bf5 5. Ng3 Bg6 6. Nh3 e6 7. Nf4 Bd6 8. h4
Qc7 9. Nxg6 hxg6 10. Ne4 Bf4 11. Bxf4 Qxf4 12. Ng5 Nf6 13. g3 Qf5 14. Bd3 Qd5
15. O-O O-O 16. c3 Nbd7 17. Qe2 Rfe8 18. Bc4 Qd6 19. Rad1 b5 20. Bb3 Nb6 21. Nf3 1/2-1/2

[Event "34th Zalakaros Open 2015"]
[Site "Zalakaros HUN"]
[Date "2015.05.19"]
[Round "6.10"]
[White "Melkumyan, Hrant"]
[Black "Kreisl, Robert"]
[Result "1-0"]
[WhiteTitle "GM"]
[BlackTitle "IM"]
[WhiteElo "2654"]
[BlackElo "2420"]
[WhiteFideId "13302485"]
[BlackFideId "1613880"]
[EventDate "2015.05.14"]
[EventType "swiss"]

1. d4 Nf6 2. c4 g6 3. Nc3 d5 4. Nf3 Bg7 5. cxd5 Nxd5 6. e4 Nxc3 7. bxc3 c5 8.
Be3 Qa5 9. Bd2 Qc7 10. Be2 O-O 11. O-O Bg4 12. Rc1 Nd7 13. Be3 e5 14. d5 Bxf3
15. Bxf3 Nb6 16. c4 Nc8 17. g4 Nd6 18. Kh1 Kh8 19. Rg1 Rab8 20. Qc2 b6 21. Rg3
Qd7 22. g5 f6 23. gxf6 Rxf6 24. Bg4 Qb7 25. Bg5 Rff8 26. Be6 Rbe8 27. f3 Nf7 28.
Bd2 Nd8 29. Bg4 Rf7 30. Rcg1 Qa6 31. Qb3 Nb7 32. Be6 Rc7 33. Rh3 Nd6 34. Qe3
Qxc4 35. Qg5 Rxe6 36. dxe6 Qxe6 37. Qh4 Bf8 38. Bc3 Nb5 39. Rxg6 Qe7 40. Rhg3
Qxh4 41. Rg8# 1-0

[Event "34th Zalakaros Open 2015"]
[Site "Zalakaros HUN"]
[Date "2015.05.19"]
[Round "6.12"]
[White "Burmakin, Vladimir"]
[Black "Raznikov, Danny"]
[Result "1/2-1/2"]
[WhiteTitle "GM"]
[BlackTitle "IM"]
[WhiteElo "2585"]
[BlackElo "2484"]
[WhiteFideId "4105109"]
[BlackFideId "2811154"]
[EventDate "2015.05.14"]
[EventType "swiss"]

1. Nf3 d5 2. g3 Bg4 3. Bg2 Nd7 4. c4 c6 5. cxd5 cxd5 6. h3 Bxf3 7. Bxf3 e6 8.
Nc3 Ne7 9. d3 Nc6 10. Bg2 Be7 11. O-O O-O 12. Bf4 Bg5 13. Bxg5 Qxg5 14. d4 Qe7
15. e3 Rac8 16. Qe2 Nb6 17. Rac1 a6 18. Rfd1 Rfd8 19. b3 Rc7 20. Qb2 Rdc8 21. a3
Qd7 22. Rc2 Ne7 23. Rdc1 Nf5 24. Ne2 Nd6 25. Nf4 Rxc2 26. Rxc2 Rc7 27. Nd3 Qc8
28. Rxc7 Qxc7 29. Nc5 Nd7 30. b4 Nc4 31. Qb3 g6 32. Bf1 Nd2 33. Qa4 Nxc5 34.
bxc5 Nxf1 35. Qe8+ Kg7 36. Kxf1 h5 37. Ke2 Kf6 38. g4 hxg4 39. hxg4 Kg7 40. g5
Qa5 41. Qd7 Qc3 42. Qxb7 Qc2+ 43. Kf3 Qf5+ 44. Kg2 Qg4+ 1/2-1/2

[Event "34th Zalakaros Open 2015"]
[Site "Zalakaros HUN"]
[Date "2015.05.19"]
[Round "6.13"]
[White "Vajda, Levente"]
[Black "Romanishin, Oleg M"]
[Result "1/2-1/2"]
[WhiteTitle "GM"]
[BlackTitle "GM"]
[WhiteElo "2554"]
[BlackElo "2466"]
[WhiteFideId "1203975"]
[BlackFideId "14100088"]
[EventDate "2015.05.14"]
[EventType "swiss"]

1. Nf3 Nf6 2. g3 d5 3. Bg2 g6 4. O-O Bg7 5. d3 O-O 6. Nbd2 a5 7. e4 dxe4 8. dxe4
Nc6 9. c3 Nd7 10. Nb3 e5 11. Be3 Qe7 12. Re1 b6 13. Bf1 Nf6 14. Bc1 Be6 15. a4
Rad8 16. Nbd2 Nd7 17. Bb5 Na7 18. Bc4 Nc5 19. Qe2 Nc8 20. b3 Bxc4 21. Qxc4 Nd6
22. Qe2 Qe6 23. Rb1 Rfe8 24. Ba3 Ndb7 25. Nc4 Qg4 26. Bxc5 Nxc5 27. Nb2 Nxb3 28.
Nd3 Nd2 29. Qxd2 Qxf3 30. Re3 Qf6 31. Qc2 Bh6 32. Re2 Rd7 33. Rb5 c6 34. Rb2
Red8 35. Ne1 Bd2 36. Qb3 c5 37. Qxb6 Qxb6 38. Rxb6 Bxc3 39. Nf3 Re7 40. g4 Bb4
41. g5 Kg7 42. Rc6 Rf8 43. Re3 f5 44. Kg2 Rff7 45. exf5 Rxf5 46. Re4 Rf4 47.
Rxf4 exf4 48. h4 Re4 49. Rc7+ Kf8 50. Rxh7 c4 51. Rc7 c3 52. Ng1 f3+ 53. Kxf3
Rxh4 54. Ne2 Ke8 55. Ke3 Bd6 56. Rxc3 Rxa4 57. Rc6 Kd7 58. Ra6 Bc5+ 1/2-1/2

[Event "34th Zalakaros Open 2015"]
[Site "Zalakaros HUN"]
[Date "2015.05.19"]
[Round "6.14"]
[White "Horvath, Csaba"]
[Black "Varga, Zoltan"]
[Result "1/2-1/2"]
[WhiteTitle "GM"]
[BlackTitle "GM"]
[WhiteElo "2549"]
[BlackElo "2473"]
[WhiteFideId "700118"]
[BlackFideId "700509"]
[EventDate "2015.05.14"]
[EventType "swiss"]

1. Nf3 c5 2. c4 g6 3. d4 cxd4 4. Nxd4 Bg7 5. e4 Nc6 6. Be3 d6 7. Nc3 Nf6 8. Be2
O-O 9. O-O Nxd4 10. Bxd4 Bd7 11. Qd2 Bc6 12. f3 a5 13. b3 Nd7 14. Be3 Nc5 15.
Rab1 Qb6 16. Rfc1 1/2-1/2

[Event "34th Zalakaros Open 2015"]
[Site "Zalakaros HUN"]
[Date "2015.05.19"]
[Round "6.15"]
[White "Sadzikowski, Daniel"]
[Black "Havasi, Gergo"]
[Result "1/2-1/2"]
[WhiteTitle "IM"]
[WhiteElo "2494"]
[BlackElo "2319"]
[WhiteFideId "1132253"]
[BlackFideId "760293"]
[EventDate "2015.05.14"]
[EventType "swiss"]

1. e4 c5 2. Nf3 d6 3. d4 cxd4 4. Nxd4 Nf6 5. Nc3 a6 6. Be3 e5 7. Nb3 Be6 8. f3
h5 9. Qd2 Nbd7 10. Nd5 Bxd5 11. exd5 g6 12. Be2 Bg7 13. O-O O-O 14. Na5 Qc7 15.
c4 Kh7 16. Rac1 Ng8 17. b4 Bh6 18. Bxh6 Nxh6 19. Bd3 f5 20. Bb1 Rf7 21. Kh1 Rc8
22. a3 b6 23. Nc6 Nb8 24. Rfd1 Rd7 25. Ba2 Nf7 26. f4 Nxc6 27. dxc6 Re7 28. b5
e4 29. Qe3 Ra8 30. Rd2 Qa7 31. a4 Qc7 32. Bb3 Nd8 33. Rcd1 Ne6 34. Rxd6 Nc5 35.
Bc2 Nd3 36. Rd4 axb5 37. cxb5 Nc5 38. g3 Kh6 39. Kg2 Qb8 40. Rd6 Qg8 41. R1d5
Re6 42. Rxe6 Qxe6 43. Qd4 Qg8 44. Kh3 Re8 45. Bd1 e3 46. Be2 Nb3 47. Qd1 Nd2 48.
Rd7 Qa2 49. c7 Rc8 50. Qc1 Ne4 51. Qxe3 Qe6 52. Rd8 Rxc7 53. Qd4 Nf6 54. Bf3 Rc2
55. Qa1 g5 56. fxg5+ Kxg5 57. Bd5 Qe7 58. Bb3 Rxh2+ 59. Kxh2 Qxd8 60. Qc1+ Kg6
61. Bd1 1/2-1/2

[Event "34th Zalakaros Open 2015"]
[Site "Zalakaros HUN"]
[Date "2015.05.19"]
[Round "6.16"]
[White "Gledura, Benjamin"]
[Black "Kovchan, Alexander"]
[Result "1/2-1/2"]
[WhiteTitle "IM"]
[BlackTitle "GM"]
[WhiteElo "2478"]
[BlackElo "2585"]
[WhiteFideId "712779"]
[BlackFideId "14103052"]
[EventDate "2015.05.14"]
[EventType "swiss"]

1. d4 Nf6 2. c4 g6 3. Nc3 d5 4. cxd5 Nxd5 5. e4 Nxc3 6. bxc3 Bg7 7. Be3 c5 8.
Rc1 Qa5 9. Qd2 cxd4 10. cxd4 Qxd2+ 11. Bxd2 O-O 12. Nf3 Rd8 13. Be2 e6 14. Bg5
f6 15. Be3 b6 16. Rc7 Ba6 17. Kd2 Bxe2 18. Kxe2 Na6 19. Rc3 f5 20. e5 h6 21. g3
Nb4 22. a4 Bf8 23. Rc4 Rac8 24. Rhc1 Rxc4 25. Rxc4 Nd5 26. Ne1 g5 27. Nc2 a6 28.
Rc6 Kf7 29. Bd2 f4 30. gxf4 gxf4 31. a5 Ke7 32. axb6 Kd7 33. Rc4 Nxb6 34. Rc3
Nd5 35. Rf3 Rc8 36. Na1 Rb8 37. Nb3 Be7 38. Rh3 h5 39. Rf3 1/2-1/2

[Event "34th Zalakaros Open 2015"]
[Site "Zalakaros HUN"]
[Date "2015.05.19"]
[Round "6.17"]
[White "Onischuk, Vladimir"]
[Black "Bagi, Mate"]
[Result "1-0"]
[WhiteTitle "GM"]
[BlackTitle "FM"]
[WhiteElo "2669"]
[BlackElo "2417"]
[WhiteFideId "14114038"]
[BlackFideId "742570"]
[EventDate "2015.05.14"]
[EventType "swiss"]

1. d4 Nf6 2. c4 g6 3. f3 d5 4. cxd5 Nxd5 5. e4 Nb6 6. Nc3 Bg7 7. Be3 O-O 8. Qd2
Nc6 9. O-O-O Qd6 10. Kb1 Rd8 11. Nb5 Qd7 12. d5 a6 13. Nc3 Na5 14. Bd4 Nbc4 15.
Bxc4 Nxc4 16. Qc1 b5 17. Bxg7 Kxg7 18. h4 h6 19. h5 g5 20. Nge2 Qd6 21. Nd4 Bd7
22. Rhe1 Qe5 23. b3 Nd6 24. Nce2 a5 25. Qb2 Kg8 26. Nc1 a4 27. Nd3 Qg7 28. Nb4
Qe5 29. g4 Rdc8 30. Nd3 Qg7 31. Nc5 axb3 32. axb3 Be8 33. e5 Qh7+ 34. Nc2 Nc4
35. bxc4 bxc4 36. Kc1 Rcb8 37. Qc3 Ra2 38. Re4 Bb5 39. Nd4 Ba4 40. Rd2 1-0

[Event "34th Zalakaros Open 2015"]
[Site "Zalakaros HUN"]
[Date "2015.05.19"]
[Round "6.18"]
[White "Donchenko, Alexander"]
[Black "Dragnev, Valentin"]
[Result "1/2-1/2"]
[WhiteTitle "IM"]
[BlackTitle "FM"]
[WhiteElo "2570"]
[BlackElo "2385"]
[WhiteFideId "24603295"]
[BlackFideId "1634852"]
[EventDate "2015.05.14"]
[EventType "swiss"]

1. d4 Nf6 2. c4 e6 3. Nc3 d5 4. cxd5 exd5 5. Bg5 c6 6. e3 Bf5 7. Qf3 Bg6 8. Bxf6
Qxf6 9. Qxf6 gxf6 10. Rd1 Be7 11. Bd3 Nd7 12. Nge2 Nb6 13. Ng3 Nc8 14. h4 Nd6
15. h5 Bxd3 16. Rxd3 Rg8 17. Ke2 f5 18. Rh3 h6 19. Nb1 Kd7 20. Nd2 Ke6 21. Kf1
a5 22. Ne2 Ne4 23. f3 Nxd2+ 24. Rxd2 Bd6 25. Kf2 b6 26. Rh1 Rgd8 27. Rc1 c5 28.
dxc5 bxc5 29. Nc3 Be5 30. Na4 c4 31. b3 Rab8 32. f4 Bf6 33. Kf3 Rdc8 34. Rdc2
Rb4 35. bxc4 dxc4 36. Nc3 Rc7 37. e4 fxe4+ 38. Kxe4 Bxc3 39. f5+ Kf6 40. Rxc3
Re7+ 41. Kf3 Kxf5 42. Rxc4 Rxc4 43. Rxc4 Re5 44. Rc7 Kf6 45. g4 Rb5 46. Rc4 Kg5
47. Rf4 f5 48. Rxf5+ Rxf5+ 49. gxf5 Kxf5 50. a4 Kg5 51. Kg3 Kxh5 52. Kf4 Kg6 53.
Kg4 Kf6 54. Kh5 Ke5 55. Kxh6 Kd4 56. Kg5 Kc4 57. Kf4 Kb4 58. Ke3 Kxa4 59. Kd2
Kb3 60. Kc1 1/2-1/2

[Event "34th Zalakaros Open 2015"]
[Site "Zalakaros HUN"]
[Date "2015.05.19"]
[Round "6.20"]
[White "Horvath, Jozsef1"]
[Black "Madl, Ildiko"]
[Result "1-0"]
[WhiteTitle "GM"]
[BlackTitle "IM"]
[WhiteElo "2538"]
[BlackElo "2356"]
[WhiteFideId "700061"]
[BlackFideId "700550"]
[EventDate "2015.05.14"]
[EventType "swiss"]

1. d4 d5 2. c4 c6 3. Nf3 Nf6 4. Nc3 e6 5. g3 dxc4 6. Bg2 b5 7. Ne5 Nd5 8. e4
Nxc3 9. bxc3 a6 10. a4 Bb7 11. Qh5 g6 12. Nxg6 hxg6 13. Qxh8 Nd7 14. O-O a5 15.
Rb1 Qb6 16. d5 1-0